Екологічна енциклопедія (Запис № 17282)

000 -Маркер запису
Контрольне поле сталої довжини 01463nam a22002657a 4500
003 - Належність контрольного номера
Контрольне поле Uzh_bibl
008 - Кодовані дані
Контрольне поле сталої довжини 260408b |||||||| |||| 00| 0 ukr d
020 ## - Індекс ISBN
ISBN 966-8670-27-2
Ціна 130.00
040 ## - Джерело каталогіз.
Код мови каталог. укр.
041 ## - Код мови видання
Код мови оригіналу українська
Код мови тексту українська
080 ## - Індекс УДК
Індекс УДК 574(031)
090 ## - Шифри
Поличний індекс 574(031)
Авторський знак Е 64
100 ## - Автор
Автор -
245 ## - Назва
Назва Екологічна енциклопедія
Відповідальність гол.ред.А.В.Толстоухов
Фізичний носій Текст
260 ## - Вихідні дані
Місце видання Київ
Видавництво "Центр екологічної освіти та інформації"
Дата видання 2007
300 ## - Фізичний опис
Обсяг 416 с.
Ілл./тип відтвор. іл.
Тип одиниці В опр.
490 ## - Серія
Назва серії Всеукраїнська екологічна ліга
№ тому Том 2
520 ## - Анотація
Анотація Тритомне науково-довідкове видання, в якому на основі узагальнення світового та національного досвіду наведено інформацію про теоретичні та прикладні аспекти екології. У 3 томі вміщено понад 1300 статей, 32 кольорові карти, 199 кольорових фото, 104 схеми та рисунки, 41 таблицю
521 ## - Примітка про цільове призначення
Примітка про цільове призначення Для широкого кола читачів
546 ## - Примітка про мову
Примітка про мову укр.
650 ## - Тематичні рубрики
Основна рубрика Довідкове видання
653 ## - Ключові слова
Ключові слова Екологія
-- Екологічний контроль
655 ## - Термін індексування — жанр/форма
Жанр/форма Енциклопедичне видання
Типове ділення У 3 т.
942 ## - ADDED ENTRY ELEMENTS (KOHA)
Джерело класифікації чи схема поличного розташування
Koha item type Книги
Фонди
Статус вилучення Статус втрати/відсутності Джерело класифікації чи схема поличного розташування Статус пошкодження Тип обігу (не для випозичання) Постійне розташування Поточне розташування Розташування у відділі Дата надходження Інвентарний номер Total Checkouts Повний (примірниковий) шифр зберігання Штрих-код Date last seen Дата, для якої чинна ціна заміни Тип одиниці (рівень примірника)
          Бібліотека-філія №2 Бібліотека-філія №2 Абонемент старший відділ 08/04/2026 56912   502 19602 08/04/2026 08/04/2026 Книги

Працює на АБІС Коха